[Event "CYCC U10"]
[Site "Regina CAN"]
[Date "2019.07.09"]
[Round "5.36"]
[White "Li, Alan"]
[Black "Darvekar, Yash"]
[Result "1/2-1/2"]
[WhiteElo "1272"]
[BlackElo "1644"]
[PlyCount "68"]
[EventDate "2019.07.07"]
[EventType "swiss"]
[EventRounds "7"]
[EventCountry "CAN"]

1. e4 c5 2. Nf3 g6 3. d4 cxd4 4. Nxd4 Nc6 5. Nc3 Bg7 6. Be3 Nf6 7. f3 O-O 8.
Be2 d5 9. exd5 Nxd5 10. Nxd5 Qxd5 11. Nxc6 bxc6 12. c3 Qxd1+ 13. Rxd1 Be6 14.
a3 Rab8 15. Rd2 a5 16. O-O h6 17. Bc5 Rfe8 18. a4 Bb3 19. Bd1 Bd5 20. Re1 e5
21. Ba3 h5 22. Bc2 Bf8 23. Bxf8 Kxf8 24. Bd1 Kg7 25. Kf2 e4 26. Rde2 f5 27.
fxe4 Rxe4 28. Rxe4 Bxe4 29. Re2 c5 30. b3 Rd8 31. Bc2 Bxc2 32. Rxc2 Rb8 33. Rb2
Kf6 34. Ke3 Ke5 1/2-1/2

[Event "CYCC U10"]
[Site "Regina CAN"]
[Date "2019.07.09"]
[Round "5.37"]
[White "Huang, Winston"]
[Black "Ming, Jerry"]
[Result "1-0"]
[WhiteElo "1065"]
[BlackElo "1390"]
[PlyCount "61"]
[EventDate "2019.07.07"]
[EventType "swiss"]
[EventRounds "7"]
[EventCountry "CAN"]

1. d4 Nf6 2. c4 e6 3. Nc3 d5 4. Bg5 Be7 5. e3 h6 6. Bh4 O-O 7. Nf3 c6 8. Bd3
dxc4 9. Bxc4 Nbd7 10. O-O Nb6 11. Bb3 Nfd5 12. Bxe7 Qxe7 13. Nxd5 Nxd5 14. Re1
a5 15. e4 Nf4 16. Qd2 Ng6 17. Rad1 a4 18. Bc2 Rd8 19. Qc3 Nf4 20. Qe3 Ng6 21.
Qc3 Qf6 22. Qe3 b6 23. e5 Qe7 24. Bxg6 fxg6 25. Qe4 Qe8 26. Nh4 Kh7 27. Re3 Qf7
28. Rf3 Qe7 29. Nxg6 Qg5 30. Nf8+ Kg8 31. Qh7# 1-0

[Event "CYCC U10"]
[Site "Regina CAN"]
[Date "2019.07.09"]
[Round "5.38"]
[White "Chen, Vincent"]
[Black "Zou, Alex"]
[Result "1-0"]
[WhiteElo "1456"]
[BlackElo "1115"]
[PlyCount "97"]
[EventDate "2019.07.07"]
[EventType "swiss"]
[EventRounds "7"]
[EventCountry "CAN"]

1. e4 e5 2. Bc4 Nf6 3. d4 exd4 4. Nf3 Nc6 5. O-O d6 6. Nxd4 Nxd4 7. Qxd4 Be7 8.
Bg5 O-O 9. f4 d5 10. exd5 h6 11. Bh4 Nxd5 12. Rd1 Bxh4 13. Bxd5 Qf6 14. Qb4 a5
15. Qb3 Qxf4 16. g3 Qg4 17. Bf3 Qg6 18. Bxb7 Bxb7 19. Qxb7 Qxc2 20. Nc3 Rab8
21. Qe4 Qxe4 22. Nxe4 Bf6 23. Nxf6+ gxf6 24. b3 Rfd8 25. Rdc1 Rbc8 26. Rc5 Ra8
27. Rxc7 Rac8 28. Rac1 Rxc7 29. Rxc7 a4 30. b4 Rb8 31. a3 Ra8 32. Rc5 Kf8 33.
Ra5 Rb8 34. Rxa4 Ke7 35. Ra5 Ke6 36. Rh5 Ra8 37. Ra5 Rb8 38. Kg2 f5 39. b5 Kd5
40. a4 Kc4 41. Ra6 Kb4 42. Kf3 Rd8 43. Kf4 Rd5 44. b6 Rd6 45. b7 Rxa6 46. b8=Q+
Kxa4 47. Kxf5 Rg6 48. Qe8+ Rc6 49. Qxc6+ 1-0

[Event "CYCC U10"]
[Site "Regina CAN"]
[Date "2019.07.09"]
[Round "5.40"]
[White "Shi, Sean"]
[Black "Wang, Dennis"]
[Result "1/2-1/2"]
[WhiteElo "697"]
[BlackElo "776"]
[PlyCount "113"]
[EventDate "2019.07.07"]
[EventType "swiss"]
[EventRounds "7"]
[EventCountry "CAN"]

1. e4 c5 2. Nf3 e6 3. Bc4 Nc6 4. Nc3 a6 5. a4 Be7 6. d4 cxd4 7. Nxd4 Nf6 8. O-O
O-O 9. Nxc6 dxc6 10. Bd2 Re8 11. e5 Nd5 12. Nxd5 cxd5 13. Bd3 b6 14. Qh5 h6 15.
Bxh6 gxh6 16. Qxh6 f5 17. exf6 Bxf6 18. Bh7+ Kf7 19. Bg6+ Ke7 20. Qh7+ Kd6 21.
Be4 Qe7 22. Qxe7+ Rxe7 23. Rad1 Bxb2 24. c4 Bb7 25. Rd2 Bc3 26. Rd3 Bf6 27.
Rfd1 d4 28. Bg6 Rg7 29. Rg3 Rag8 30. Bf7 Rxg3 31. hxg3 Rg7 32. Bh5 Kc5 33. Be2
e5 34. g4 Rg8 35. g3 Bc8 36. f3 b5 37. cxb5 axb5 38. axb5 Bd7 39. Rc1+ Kb6 40.
Bc4 Rb8 41. Rb1 Kc5 42. Bd3 Bd8 43. f4 exf4 44. gxf4 Bxg4 45. f5 Be7 46. Kf2
Kd6 47. b6 Bd8 48. b7 Kc7 49. Kg3 Bxf5 50. Bxf5 Rxb7 51. Rxb7+ Kxb7 52. Kf3 Kc6
53. Ke4 Kc5 54. Kd3 Bf6 55. Bg6 Kd5 56. Bf7+ Kc5 57. Bg6 1/2-1/2

[Event "CYCC U10"]
[Site "Regina CAN"]
[Date "2019.07.09"]
[Round "5.41"]
[White "Li, Anthony"]
[Black "Zhou, Felix Tian"]
[Result "1-0"]
[WhiteElo "661"]
[BlackElo "766"]
[PlyCount "139"]
[EventDate "2019.07.07"]
[EventType "swiss"]
[EventRounds "7"]
[EventCountry "CAN"]

1. e4 c5 2. c4 Nc6 3. b3 Nf6 4. Nc3 e5 5. Nf3 d6 6. Bb2 Bg4 7. h3 Bh5 8. Be2
Bxf3 9. Bxf3 Nb4 10. a3 Nd3+ 11. Ke2 Nxb2 12. Qc2 Nxc4 13. bxc4 a6 14. Qa4+ Nd7
15. Bg4 b5 16. cxb5 Nb6 17. Qa5 Be7 18. bxa6 O-O 19. Kd1 Nc4 20. Qxd8 Rfxd8 21.
Be2 Nb6 22. Rb1 Nd7 23. Nd5 Bf8 24. Rb5 Rxa6 25. Rb3 Ra4 26. Bb5 Rxe4 27. Kc2
Rd4 28. Ne3 Nb6 29. d3 e4 30. Rd1 d5 31. dxe4 Rxe4 32. Bd3 Rd4 33. Rxb6 c4 34.
Be2 Rxd1 35. Nxd1 d4 36. Bxc4 Bxa3 37. Rb7 Rc8 38. Kd3 h6 39. Bxf7+ Kh7 40. f3
Rc1 41. Bb3 Rc5 42. g3 Rc8 43. Kxd4 Bc5+ 44. Ke4 Re8+ 45. Kf4 Bd6+ 46. Kg4 Kh8
47. f4 g6 48. Bf7 h5+ 49. Kf3 Ra8 50. Bxg6 Ra3+ 51. Ne3 Bc5 52. Rh7+ Kg8 53.
Rxh5 Rxe3+ 54. Kg4 Re6 55. Bd3 Re7 56. Rxc5 Rg7+ 57. Rg5 Rxg5+ 58. Kxg5 Kg7 59.
h4 Kf7 60. h5 Kg7 61. f5 Kh7 62. f6+ Kg8 63. Kg6 Kf8 64. f7 Ke7 65. h6 Ke6 66.
f8=Q Kd5 67. h7 Ke6 68. h8=Q Kd5 69. Qd8+ Ke6 70. Qhe8# 1-0

[Event "CYCC U10"]
[Site "Regina CAN"]
[Date "2019.07.09"]
[Round "5.42"]
[White "Mane, Arnav"]
[Black "Xu, Joey"]
[Result "1-0"]
[WhiteElo "1097"]
[BlackElo "950"]
[PlyCount "99"]
[EventDate "2019.07.07"]
[EventType "swiss"]
[EventRounds "7"]
[EventCountry "CAN"]

1. e4 e5 2. Nf3 Nc6 3. Bc4 Bc5 4. c3 Nf6 5. d4 exd4 6. cxd4 Bb6 7. d5 Ne7 8. e5
Ng4 9. d6 Ng6 10. Bg5 f6 11. exf6 Bxf2+ 12. Kf1 gxf6 13. Qe2+ Kf8 14. dxc7 Qxc7
15. Bxf6 Qxc4 16. Qxc4 Ne3+ 17. Kxf2 Nxc4 18. Bxh8 Nxh8 19. b3 Nb6 20. Nc3 Nf7
21. a4 d6 22. Rad1 Be6 23. Nd4 Bg4 24. Rd2 Rd8 25. h3 Bh5 26. Ne6+ Ke7 27. Nxd8
Kxd8 28. g4 Bg6 29. Nb5 Be4 30. Rhd1 Nc8 31. Nc3 Bc6 32. b4 Bd7 33. b5 Be6 34.
Ra1 Kd7 35. Nd5 Bxd5 36. Rxd5 Nb6 37. Rf5 Ne5 38. Rd1 Nbc4 39. Rh5 Ke6 40. Rxh7
d5 41. Rxb7 Na5 42. Rxa7 Nb3 43. Ra6+ Ke7 44. Rxd5 Nd3+ 45. Rxd3 Nc5 46. Re3+
Kd8 47. Rd6+ Nd7 48. Red3 Ke8 49. Rxd7 Kf8 50. Rc3 1-0

[Event "CYCC U10"]
[Site "Regina CAN"]
[Date "2019.07.09"]
[Round "5.43"]
[White "Gao, Joshua"]
[Black "Jackson, Mateo"]
[Result "1-0"]
[WhiteElo "960"]
[BlackElo "778"]
[PlyCount "65"]
[EventDate "2019.07.07"]
[EventType "swiss"]
[EventRounds "7"]
[EventCountry "CAN"]

1. e4 e5 2. Nf3 Nc6 3. Nc3 Nf6 4. Bc4 d6 5. d3 Be6 6. Bg5 h6 7. Bh4 Be7 8. O-O
O-O 9. h3 d5 10. exd5 Nxd5 11. Bxe7 Ncxe7 12. Re1 Nb4 13. Bxe6 fxe6 14. Rxe5
Qd7 15. Re4 Qc6 16. Rxb4 e5 17. Nxe5 Qc5 18. Re4 Qxf2+ 19. Kh1 Rf5 20. Qe1 Raf8
21. Qxf2 Rxf2 22. Nd7 Rd8 23. Rxe7 Rxc2 24. Nc5 Rxb2 25. Rxc7 Rxd3 26. Nxd3
Rxa2 27. Rxa2 a5 28. Ne5 Kh7 29. h4 h5 30. Rxa5 b6 31. Raa7 Kg8 32. Rxg7+ Kh8
33. Ng6# 1-0

[Event "CYCC U10"]
[Site "Regina CAN"]
[Date "2019.07.09"]
[Round "5.44"]
[White "Gao, Sean"]
[Black "Chen, Tom"]
[Result "0-1"]
[WhiteElo "807"]
[BlackElo "907"]
[PlyCount "82"]
[EventDate "2019.07.07"]
[EventType "swiss"]
[EventRounds "7"]
[EventCountry "CAN"]

1. e4 e5 2. Nf3 Nc6 3. Bc4 Nf6 4. d3 d5 5. exd5 Nxd5 6. Qe2 Bg4 7. Qe4 Bxf3 8.
Qxf3 Nf6 9. Bg5 Nd4 10. Qd1 h6 11. Bh4 Nf5 12. Bxf6 gxf6 13. Qh5 Nd6 14. Bb3
Rg8 15. Nc3 Rxg2 16. Nb5 Qe7 17. Nxd6+ cxd6 18. Ba4+ Kd8 19. Qh3 Rg5 20. O-O-O
Rc8 21. Kb1 a6 22. Bb3 Qd7 23. Qxd7+ Kxd7 24. Bxf7 Rc5 25. Bb3 d5 26. Rhe1 d4
27. a3 b5 28. Ba2 Rg2 29. Rg1 Rxf2 30. Rg6 Rcxc2 31. Bb3 Rxb2+ 32. Ka1 Rxb3 33.
Rdg1 Rxa3+ 34. Kb1 Rb3+ 35. Ka1 Rbb2 36. Rxf6 Ra2+ 37. Kb1 Rxf6 38. Kxa2 Rf2+
39. Kb3 Rxh2 40. Rf1 Be7 41. Rg1 h5 {...} 0-1

[Event "CYCC U10"]
[Site "Regina CAN"]
[Date "2019.07.09"]
[Round "6.32"]
[White "Lin, Leo"]
[Black "Han, Jonathan"]
[Result "0-1"]
[WhiteElo "1778"]
[BlackElo "2026"]
[PlyCount "132"]
[EventDate "2019.07.07"]
[EventType "swiss"]
[EventRounds "7"]
[EventCountry "CAN"]

1. Nf3 Nf6 2. c4 e6 3. d4 b6 4. Nc3 Bb4 5. Bg5 Bb7 6. e3 h6 7. Bh4 O-O 8. Bd3
c5 9. O-O cxd4 10. exd4 Be7 11. Bxf6 Bxf6 12. Ne4 d6 13. Rc1 Be7 14. a3 Nd7 15.
b4 Rc8 16. c5 bxc5 17. dxc5 dxc5 18. bxc5 Nxc5 19. Nxc5 Bxc5 20. Rb1 Ba8 21. a4
Qf6 22. Nd2 Rfd8 23. Qe2 Qd4 24. Nb3 Qd5 25. Qf3 Qxf3 26. gxf3 Bxf3 27. Nxc5
Rxc5 28. Rb5 Rxb5 29. Bxb5 Rd1 30. Rxd1 Bxd1 31. Kf1 Kf8 32. Ke1 Bb3 33. Kd2
Ke7 34. Kc3 Bd5 35. Kb4 Kd6 36. Ka5 Kc7 37. Ka6 Kb8 38. Be8 f6 39. Bf7 Bc4+ 40.
Ka5 Kb7 41. Kb4 Bd5 42. Kc5 Kc7 43. Be8 g5 44. Bf7 f5 45. a5 f4 46. Be8 Bb3 47.
Bf7 Ba2 48. a6 Bb3 49. Kb4 Bd5 50. Kc5 Ba2 51. h3 Kd7 52. Bh5 e5 53. Bg4+ Be6
54. Bxe6+ Kxe6 55. Kc6 e4 56. Kb7 e3 57. fxe3 fxe3 58. Kxa7 e2 59. Kb8 e1=Q 60.
a7 Qe5+ 61. Kb7 Qb5+ 62. Kc8 Qa6+ 63. Kb8 Qb6+ 64. Ka8 Kd7 65. h4 Kc7 66. hxg5
Qc6# 0-1

[Event "CYCC U10"]
[Site "Regina CAN"]
[Date "2019.07.09"]
[Round "6.33"]
[White "Yang, Ryan"]
[Black "Jiang Barron, Jiyu"]
[Result "1-0"]
[WhiteElo "1704"]
[BlackElo "1556"]
[PlyCount "135"]
[EventDate "2019.07.07"]
[EventType "swiss"]
[EventRounds "7"]
[EventCountry "CAN"]

1. e4 c5 2. Nc3 e6 3. Nf3 a6 4. d3 Nc6 5. Be2 Be7 6. Bf4 d6 7. O-O Nf6 8. Re1
O-O 9. Qd2 Re8 10. Rad1 e5 11. Bg5 Nd4 12. Bxf6 Bxf6 13. Nd5 Nxf3+ 14. Bxf3 Bg5
15. Qe2 Be6 16. Nc3 b5 17. Bg4 b4 18. Bxe6 fxe6 19. Na4 Ra7 20. b3 Rf8 21. Qg4
Qe7 22. Rf1 Rf4 23. Qe2 Qf8 24. Nb2 Bd8 25. Ra1 a5 26. a3 Rff7 27. Ra2 Rfb7 28.
Rfa1 Qf7 29. Qg4 Bf6 30. axb4 axb4 31. Rxa7 Rxa7 32. Rxa7 Qxa7 33. Qxe6+ Kf8
34. Na4 Qe7 35. Qxe7+ Kxe7 36. Nb6 Ke6 37. Kf1 Bd8 38. Nd5 g5 39. f3 h5 40. Kf2
Kf7 41. g3 Ke8 42. f4 exf4 43. gxf4 gxf4 44. Nxf4 h4 45. Kf3 Kf7 46. Kg4 Kf6
47. Kxh4 Ke5+ 48. Kg4 Kd4 49. Ne6+ Kc3 50. Nxd8 Kxc2 51. h4 Kxb3 52. Nc6 Ka4
53. Ne7 b3 54. Nd5 b2 55. Nc3+ Kb3 56. Nb1 Kc2 57. Na3+ Kb3 58. Nc4 b1=N 59. h5
Kc3 60. h6 Kxd3 61. Nxd6 c4 62. Nxc4 Kxc4 63. h7 Kd4 64. h8=Q+ Ke3 65. e5 Nc3
66. e6 Ne4 67. Qe5 Kd3 68. Qxe4+ 1-0

[Event "CYCC U10"]
[Site "Regina CAN"]
[Date "2019.07.09"]
[Round "6.34"]
[White "Huang, Winston"]
[Black "Li, Alan"]
[Result "1/2-1/2"]
[WhiteElo "1065"]
[BlackElo "1272"]
[PlyCount "52"]
[EventDate "2019.07.07"]
[EventType "swiss"]
[EventRounds "7"]
[EventCountry "CAN"]

1. d4 d5 2. c4 c6 3. Nc3 Nf6 4. Bf4 e6 5. e3 Bd6 6. Bg5 Nbd7 7. Nf3 h6 8. Bh4
g5 9. Bg3 Bxg3 10. fxg3 Ng4 11. Qd2 Nf8 12. Bd3 Nd7 13. O-O Nb6 14. c5 Nd7 15.
e4 b6 16. exd5 cxd5 17. Rae1 Bb7 18. Bb5 bxc5 19. dxc5 Rc8 20. b4 O-O 21. Nd4
Nb8 22. Nf3 Bc6 23. Bxc6 Nxc6 24. a3 a6 25. Nd4 Nf6 26. Nxc6 Rxc6 1/2-1/2

[Event "CYCC U10"]
[Site "Regina CAN"]
[Date "2019.07.09"]
[Round "6.35"]
[White "Shi, Michael"]
[Black "Li, Anthony Zongyue"]
[Result "1-0"]
[WhiteElo "1856"]
[BlackElo "847"]
[PlyCount "87"]
[EventDate "2019.07.07"]
[EventType "swiss"]
[EventRounds "7"]
[EventCountry "CAN"]

1. e4 e5 2. Nf3 Nc6 3. Bc4 Bc5 4. c3 Nf6 5. d3 d6 6. Nbd2 Bg4 7. Nf1 h6 8. Ng3
d5 9. exd5 Nxd5 10. O-O Rg8 11. h3 Be6 12. Re1 Qf6 13. Ne4 Qe7 14. Nxc5 Qxc5
15. Nxe5 Nxe5 16. Rxe5 O-O-O 17. Qe2 Qc6 18. a4 g5 19. Bxd5 Rxd5 20. Rxd5 Qxd5
21. c4 Qc6 22. g4 h5 23. Qe4 Qxe4 24. dxe4 hxg4 25. hxg4 Bxc4 26. f3 Kd7 27.
Be3 a6 28. Rd1+ Ke6 29. Rd4 b5 30. b4 f6 31. a5 c6 32. Kg2 Ke5 33. Rd7 Be6 34.
Rd2 Bc4 35. Bb6 Ke6 36. Bc5 Ke5 37. Rd7 Be6 38. Bd4+ Kf4 39. Rd6 Re8 40. Kf2
Re7 41. Bxf6 Re8 42. Rxc6 Bc8 43. Rc5 Bf5 44. Rxf5# 1-0

[Event "CYCC U10"]
[Site "Regina CAN"]
[Date "2019.07.09"]
[Round "6.36"]
[White "Wang, Howard"]
[Black "Darvekar, Yash"]
[Result "0-1"]
[WhiteElo "693"]
[BlackElo "1644"]
[PlyCount "58"]
[EventDate "2019.07.07"]
[EventType "swiss"]
[EventRounds "7"]
[EventCountry "CAN"]

1. e4 c5 2. Nf3 g6 3. Nc3 Bg7 4. b3 Nf6 5. Bb2 d6 6. Nd5 O-O 7. Bc4 Nxe4 8.
Bxg7 Kxg7 9. Qe2 Nf6 10. O-O Nc6 11. h3 Nxd5 12. Bxd5 Nb4 13. Qc4 b5 14. Qe4
Bf5 15. Bxa8 Bxe4 16. Bxe4 d5 17. Bd3 c4 18. a3 cxd3 19. axb4 dxc2 20. Rxa7 d4
21. Rc1 d3 22. Re1 h6 23. Raxe7 Qxe7 24. Rxe7 c1=Q+ 25. Kh2 Qb2 26. Rb7 Qxb3
27. Rxb5 Rc8 28. Rb7 Qc4 29. Ne5 Qf4+ 0-1

[Event "CYCC U10"]
[Site "Regina CAN"]
[Date "2019.07.09"]
[Round "6.37"]
[White "Wu, Jonathan"]
[Black "Chen, Vincent"]
[Result "0-1"]
[WhiteElo "1079"]
[BlackElo "1456"]
[PlyCount "70"]
[EventDate "2019.07.07"]
[EventType "swiss"]
[EventRounds "7"]
[EventCountry "CAN"]

1. d4 Nf6 2. c4 g6 3. Nc3 Bg7 4. e4 d6 5. Nf3 O-O 6. Be2 e5 7. d5 Ne8 8. O-O f5
9. Be3 f4 10. Bd2 Nf6 11. b4 h6 12. c5 g5 13. h3 Rf7 14. Nh2 Bf8 15. Bh5 Rg7
16. cxd6 Bxd6 17. a3 Bd7 18. Bg4 Nxg4 19. Nxg4 Rh7 20. Na4 h5 21. Nh2 g4 22.
hxg4 hxg4 23. Nxg4 Qh4 24. f3 Rg7 25. Nc5 Bxc5+ 26. bxc5 Bxg4 27. fxg4 Nd7 28.
Be1 Qh7 29. Qf3 Nf6 30. Qb3 Nxg4 31. d6+ Kf8 32. Bg3 Rf7 33. Qxb7 Re8 34. dxc7
Rxc7 35. Qd5 Rf7 0-1

[Event "CYCC U10"]
[Site "Regina CAN"]
[Date "2019.07.09"]
[Round "6.38"]
[White "Li, Anthony"]
[Black "Huang, Ivan"]
[Result "0-1"]
[WhiteElo "661"]
[BlackElo "1104"]
[PlyCount "60"]
[EventDate "2019.07.07"]
[EventType "swiss"]
[EventRounds "7"]
[EventCountry "CAN"]

1. e4 e5 2. Nf3 Nc6 3. d4 exd4 4. Nxd4 Bc5 5. Nxc6 dxc6 6. Qxd8+ Kxd8 7. b3 Bd4
8. c3 Bb6 9. Bb2 Nf6 10. Bd3 Be6 11. O-O Ke7 12. Ba3+ Ke8 13. Bc2 Rd8 14. c4
Bd4 15. Nc3 Bxc3 16. Rad1 Bd4 17. Rde1 c5 18. e5 Ng4 19. h3 Nxe5 20. b4 Bc3 21.
Re4 cxb4 22. Ba4+ c6 23. Bc1 Bxc4 24. Rd1 Rxd1+ 25. Bxd1 Kd7 26. Bf4 f6 27.
Bxe5 Bd5 28. Bg4+ Kd8 29. Bxf6+ Bxf6 30. Rxb4 Kc7 0-1

[Event "CYCC U10"]
[Site "Regina CAN"]
[Date "2019.07.09"]
[Round "6.39"]
[White "Ming, Jerry"]
[Black "Zou, Alex"]
[Result "0-1"]
[WhiteElo "1390"]
[BlackElo "1115"]
[PlyCount "37"]
[EventDate "2019.07.07"]
[EventType "swiss"]
[EventRounds "7"]
[EventCountry "CAN"]

1. e4 e5 2. Nf3 Nc6 3. Bc4 Bc5 4. b4 Bxb4 5. c3 Bc5 6. d4 exd4 7. cxd4 Bb4+ 8.
Bd2 Bxd2+ 9. Nbxd2 Nge7 10. Ng5 d5 11. Qf3 Be6 12. exd5 Bxd5 13. Bxd5 Qxd5 14.
Qxd5 Nxd5 15. Ngf3 O-O 16. O-O Nf6 17. Rab1 Rab8 18. Rfc1 Nd5 19. g3 {...} 0-1

[Event "CYCC U10"]
[Site "Regina CAN"]
[Date "2019.07.09"]
[Round "6.40"]
[White "Mane, Arnav"]
[Black "Wang, Dennis"]
[Result "1-0"]
[WhiteElo "1097"]
[BlackElo "776"]
[PlyCount "135"]
[EventDate "2019.07.07"]
[EventType "swiss"]
[EventRounds "7"]
[EventCountry "CAN"]

1. e4 e5 2. Nf3 Nc6 3. Bc4 Bc5 4. c3 Nf6 5. d4 exd4 6. cxd4 Bb4+ 7. Nc3 d5 8.
exd5 Nxd5 9. Bxd5 Qxd5 10. O-O Bxc3 11. bxc3 O-O 12. Qb3 Qxb3 13. axb3 Re8 14.
Bf4 h6 15. Bxc7 Bf5 16. Rfe1 Rxe1+ 17. Rxe1 Rc8 18. Bf4 Bc2 19. b4 b6 20. Rc1
Bb3 21. h3 Re8 22. Re1 Rxe1+ 23. Nxe1 a5 24. bxa5 bxa5 25. Bc1 Kf8 26. Nd3 Ke7
27. Ba3+ Kf6 28. Nc5 Bd5 29. g3 Na7 30. Nd7+ Kf5 31. Nb6 Ba2 32. c4 Ke4 33. Bc5
Nc6 34. d5 Nd8 35. Be7 Nb7 36. d6 Nxd6 37. Bxd6 a4 38. c5 Bd5 39. Nxa4 Kf5 40.
g4+ Ke6 41. f4 f5 42. Kf2 fxg4 43. hxg4 g6 44. Nc3 Ba8 45. Kg3 h5 46. gxh5 gxh5
47. Ne2 Kd7 48. Kh4 Ke6 49. Ng3 Bb7 50. Kxh5 Bf3+ 51. Kg5 Kf7 52. Nf5 Bc6 53.
Nh6+ Kg7 54. f5 Be8 55. f6+ Kh7 56. f7 Bxf7 57. Nxf7 Kg7 58. c6 Kxf7 59. c7 Kg7
60. Bf8+ Kxf8 61. c8=Q+ Ke7 62. Qc6 Kd8 63. Qb7 Ke8 64. Qc7 Kf8 65. Qd7 Kg8 66.
Qe7 Kh8 67. Kg6 Kg8 68. Qg7# 1-0

[Event "CYCC U10"]
[Site "Regina CAN"]
[Date "2019.07.09"]
[Round "6.41"]
[White "Yu, Ryan Bole"]
[Black "Shi, Sean"]
[Result "1-0"]
[WhiteElo "841"]
[BlackElo "697"]
[PlyCount "61"]
[EventDate "2019.07.07"]
[EventType "swiss"]
[EventRounds "7"]
[EventCountry "CAN"]

1. e4 c5 2. Nf3 Nc6 3. Bb5 a6 4. Bxc6 bxc6 5. O-O d6 6. d3 Nf6 7. h3 e5 8. Bg5
Be7 9. Qe2 h6 10. Be3 O-O 11. Nbd2 Be6 12. Rac1 d5 13. Nxe5 dxe4 14. dxe4 Qc7
15. Nef3 Rab8 16. Qxa6 Rxb2 17. Nb3 Bxb3 18. axb3 Nxe4 19. Qa1 Bf6 20. Qa4 Nc3
21. Qc4 Na2 22. Rce1 Re8 23. Bxc5 Be7 24. Bd4 Nc3 25. Bxc3 Ra2 26. Qd4 f6 27.
Qc4+ Kf8 28. Nh4 g5 29. Nf5 Rxc2 30. Nxh6 Bd6 31. Qg8# 1-0

[Event "CYCC U10"]
[Site "Regina CAN"]
[Date "2019.07.09"]
[Round "6.42"]
[White "Chen, Tom"]
[Black "Gao, Joshua"]
[Result "0-1"]
[WhiteElo "907"]
[BlackElo "960"]
[PlyCount "42"]
[EventDate "2019.07.07"]
[EventType "swiss"]
[EventRounds "7"]
[EventCountry "CAN"]

1. e4 e5 2. Nf3 Nc6 3. Bb5 Nf6 4. O-O Bc5 5. c3 d6 6. d4 exd4 7. cxd4 Bb4 8.
Bd2 Bxd2 9. Qxd2 O-O 10. Nc3 a6 11. Bd3 Bg4 12. Be2 Re8 13. h3 Bh5 14. d5 Na7
15. Qe3 Nb5 16. Bd3 Nxc3 17. bxc3 Bg6 18. Nd2 c6 19. Qd4 c5 20. Qe3 Nxd5 21.
Qg3 Nxc3 {...} 0-1

[Event "CYCC U10"]
[Site "Regina CAN"]
[Date "2019.07.09"]
[Round "6.44"]
[White "Xu, Joey"]
[Black "Gao, Sean"]
[Result "1-0"]
[WhiteElo "950"]
[BlackElo "807"]
[PlyCount "29"]
[EventDate "2019.07.07"]
[EventType "swiss"]
[EventRounds "7"]
[EventCountry "CAN"]

1. e4 e5 2. Nf3 Nc6 3. d4 exd4 4. Bc4 Bb4+ 5. Bd2 Bxd2+ 6. Qxd2 Nf6 7. Qd3 Nb4
8. Qb3 Qe7 9. O-O O-O 10. Nxd4 Nxe4 11. Re1 Qh4 12. Rxe4 Qxe4 13. Qxb4 Qg4 14.
Nc3 Kh8 15. Qxf8# 1-0

[Event "CYCC U10"]
[Site "Regina CAN"]
[Date "2019.07.09"]
[Round "6.45"]
[White "Jackson, Mateo"]
[Black "Johnson, William"]
[Result "1/2-1/2"]
[WhiteElo "778"]
[BlackElo "935"]
[PlyCount "114"]
[EventDate "2019.07.07"]
[EventType "swiss"]
[EventRounds "7"]
[EventCountry "CAN"]

1. e4 e5 2. Nf3 Nc6 3. Bc4 Bc5 4. Nc3 Nf6 5. Nxe5 Nxe5 6. d4 Nxc4 7. dxc5 O-O
8. O-O Re8 9. Re1 d6 10. cxd6 cxd6 11. b3 Nb6 12. Bb2 Qe7 13. Qf3 d5 14. Qg3
Bf5 15. f3 dxe4 16. Nxe4 Bxe4 17. Rxe4 Qc5+ 18. Kh1 Kf8 19. Rxe8+ Rxe8 20. a4
Nbd5 21. Ba3 Nb4 22. Re1 Rxe1+ 23. Qxe1 a5 24. c3 Kg8 25. cxb4 axb4 26. Bxb4
Qc2 27. Qe5 h6 28. Qb8+ Kh7 29. h3 Qxb3 30. Qxb7 Qxa4 31. Bc3 Nh5 32. Qxf7 Qa3
33. Be5 Qe3 34. Qxh5 Qe1+ 35. Kh2 g6 36. Bg3 Qxg3+ 37. Kxg3 gxh5 38. Kh4 Kg6
39. g4 hxg4 40. Kxg4 h5+ 41. Kh4 Kh6 42. f4 Kg6 43. f5+ Kxf5 44. Kxh5 Kf6 45.
Kh6 Kf7 46. Kh7 Kf8 47. h4 Kf7 48. h5 Kf8 49. Kh6 Kg8 50. Kg6 Kh8 51. h6 Kg8
52. Kh5 Kh8 53. Kg5 Kh7 54. Kh5 Kh8 55. Kg6 Kg8 56. Kf5 Kh7 57. Kg5 Kh8 1/2-1/2

[Event "CYCC U10"]
[Site "Regina CAN"]
[Date "2019.07.10"]
[Round "7.32"]
[White "Han, Jonathan"]
[Black "Shi, Michael"]
[Result "1-0"]
[WhiteElo "2026"]
[BlackElo "1856"]
[PlyCount "139"]
[EventDate "2019.07.07"]
[EventType "swiss"]
[EventRounds "7"]
[EventCountry "CAN"]

1. e4 e5 2. Nf3 Nc6 3. Bc4 Bc5 4. c3 Nf6 5. d3 O-O 6. O-O d5 7. exd5 Nxd5 8.
Re1 Bg4 9. h3 Bxf3 10. Qxf3 Nb6 11. Bb3 Qf6 12. Qe2 Nc8 13. Nd2 Nd6 14. Nf3 h6
15. Bc2 Rfe8 16. b4 Bb6 17. a4 a6 18. Bb2 Rad8 19. Rad1 Ba7 20. Nh2 b5 21. Ng4
Qf5 22. d4 e4 23. Ne3 Qd7 24. f3 exf3 25. Qxf3 Ne7 26. Rf1 c6 27. Rde1 Ng6 28.
Bc1 Nc4 29. Bb3 Nd6 30. Ng4 Rxe1 31. Rxe1 Re8 32. Rf1 Nh4 33. Qd3 Nhf5 34. Kh2
Ne4 35. Bf4 Qe7 36. Ne5 Ned6 37. Nxf7 Nxf7 38. Qxf5 Qf6 39. Bxf7+ Qxf7 40.
Qxf7+ Kxf7 41. Bb8+ Kg6 42. Bxa7 bxa4 43. Ra1 Re3 44. Rxa4 Rxc3 45. Rxa6 Rc4
46. Bc5 Kf5 47. Rxc6 Ke4 48. b5 Rc1 49. b6 Rb1 50. Rc7 g5 51. b7 Kd5 52. Ba7 h5
53. b8=Q Rxb8 54. Bxb8 Kxd4 55. Rh7 h4 56. Rg7 g4 57. hxg4 Ke4 58. g5 Kf5 59.
g6 Kf6 60. Be5+ Kxe5 61. Rf7 Ke6 62. Rf1 Ke5 63. g7 h3 64. g8=Q hxg2 65. Qe8+
Kd4 66. Rf7 Kd5 67. Rd7+ Kc4 68. Qc8+ Kb4 69. Rb7+ Ka4 70. Qa8# 1-0

[Event "CYCC U10"]
[Site "Regina CAN"]
[Date "2019.07.10"]
[Round "7.33"]
[White "Darvekar, Yash"]
[Black "Yang, Ryan"]
[Result "1/2-1/2"]
[WhiteElo "1644"]
[BlackElo "1704"]
[PlyCount "47"]
[EventDate "2019.07.07"]
[EventType "swiss"]
[EventRounds "7"]
[EventCountry "CAN"]

1. e4 e5 2. Nf3 Nc6 3. Bb5 a6 4. Bxc6 dxc6 5. O-O Bd6 6. d4 exd4 7. Qxd4 f6 8.
Be3 Ne7 9. e5 fxe5 10. Nxe5 Nf5 11. Qe4 Qe7 12. Bf4 Bxe5 13. Qxe5 Qxe5 14. Bxe5
O-O 15. Bxc7 Nd4 16. Na3 Bf5 17. c3 Ne6 18. Bg3 Rad8 19. Rad1 b5 20. f3 Rxd1
21. Rxd1 Rd8 22. Rxd8+ Nxd8 23. Kf2 Kf7 24. Bf4 1/2-1/2

[Event "CYCC U10"]
[Site "Regina CAN"]
[Date "2019.07.10"]
[Round "7.34"]
[White "Jiang Barron, Jiyu"]
[Black "Lin, Leo"]
[Result "0-1"]
[WhiteElo "1556"]
[BlackElo "1778"]
[PlyCount "102"]
[EventDate "2019.07.07"]
[EventType "swiss"]
[EventRounds "7"]
[EventCountry "CAN"]

1. e4 c5 2. Nf3 d6 3. d4 cxd4 4. Nxd4 Nf6 5. Nc3 a6 6. Be3 e5 7. Nb3 Be6 8. Be2
Be7 9. O-O O-O 10. f4 exf4 11. Bxf4 Nc6 12. Kh1 Ne5 13. Nd4 b5 14. a3 Qc7 15.
Qe1 Ng6 16. Be3 Rac8 17. Qg3 Qb7 18. Bf3 Ne8 19. Nxe6 fxe6 20. Bg4 Nc7 21. Qh3
Rxf1+ 22. Rxf1 Nf8 23. Qf3 Bf6 24. Nd1 Ne8 25. c3 Rc4 26. Nf2 d5 27. e5 Bxe5
28. Nd3 Bf6 29. Nf4 Qe7 30. Bh3 Re4 31. Nd3 Nd7 32. Nb4 Ne5 33. Qf2 a5 34. Nc2
Nc4 35. Bc1 Ned6 36. g3 Re5 37. Bf4 Ne4 38. Qg2 Nxb2 39. Bxe5 Bxe5 40. Nd4 Bxd4
41. cxd4 Nc4 42. Qa2 Ncd2 43. Rc1 Qf6 44. Bg2 Nf2+ 45. Kg1 Qxd4 46. Rc8+ Kf7
47. Rc7+ Kf6 48. Bf1 Nf3+ 49. Kg2 Ne1+ 50. Kg1 Nh3+ 51. Kh1 Qg1# 0-1